Испытание сооружений: учебное пособие

Xehetasun bibliografikoak
Egile nagusia: Аронов Р. И. Рувин Иделевич
Hizkuntza:errusiera
Argitaratua: Москва, Высшая школа, 1974
Gaiak:
Formatua: MixedMaterials Liburua
KOHA link:https://koha.lib.tpu.ru/cgi-bin/koha/opac-detail.pl?biblionumber=151734

MARC

LEADER 00000nam0a2200000 4500
001 151734
005 20231101221600.0
035 |a (RuTPU)RU\TPU\book\164505 
090 |a 151734 
100 |a 20090127d1974 m y0rusy50 ca 
101 0 |a rus 
102 |a RU 
105 |a a j 001zy 
200 1 |a Испытание сооружений  |e учебное пособие  |f  Р. И. Аронов 
210 |a Москва  |c Высшая школа  |d  1974 
215 |a 187 с.  |c ил. 
320 |a Библиогр.: с. 181-183. 
606 |a Строительные сооружения  |x Испытание  |2 stltpush  |3 (RuTPU)RU\TPU\subj\57815  |9 75664 
610 1 |a испытание 
610 1 |a сооружение 
610 1 |a учебные пособия 
675 |a 69.058(075.8)  |v 3 
700 1 |a Аронов  |b Р. И.  |g Рувин Иделевич 
801 1 |a RU  |b 63413507  |c 20090127  |g PSBO 
801 2 |a RU  |b 63413507  |c 20180116  |g PSBO 
942 |c BK